000 00438nam a2200145Ia 4500
008 090124s9999 xx 000 0 und d
082 _b204383
245 _aDESHBANDHU C.R.DAS : PROF REFORMER AND POLLTICIAN
250 _a1
260 _bBISWAS DHIRENDRA MOHAN
_c1996
300 _a120
630 _aDESHBANDHU C.R.DAS : PROF REFORMER AND POLLTICIAN
730 _aDESHBANDHU C.R.DAS : PROF REFORMER AND POLLTICIAN
942 _cBOOK
999 _c185964
_d185964